[Event "DEM U8 2024"]
[Site "Willingen GER"]
[Date "2024.05.23"]
[Round "4"]
[White "Nune, Likhith Siddharth"]
[Black "Wachtel, Edwin"]
[Result "0-1"]
[Termination "normal"]
[Board "4"]
[WhiteElo "1517"]
[BlackElo "1217"]
[WhiteClock "00:24:31"]
[BlackClock "00:35:29"]
[PlyCount "112"]
[WhiteFideId "34670823"]
[BlackFideId "533014183"]
[EventCountry "GER"]
[EventRounds "7"]
[EventType "swiss"]
[EventDate "2024.05.21"]

1. e4 {[%clk 01:00:29]} e6 {[%clk 01:00:26]} {[%emt 00:00:05]} 2. d4 {[%clk
01:00:39]} {[%emt 00:00:06]} d5 {[%clk 01:00:35]} {[%emt 00:00:05]} 3. e5
{[%clk 01:00:01]} {[%emt 00:00:52]} c5 {[%clk 00:59:59]} {[%emt 00:00:53]} 4.
c3 {[%clk 00:59:08]} {[%emt 00:01:07]} Qb6 {[%emt 00:00:22]} 5. Nf3 {[%clk
00:57:50]} {[%emt 00:01:31]} Nc6 {[%clk 01:00:01]} {[%emt 00:00:07]} 6. Be2
{[%clk 00:56:59]} {[%emt 00:01:06]} Nge7 {[%clk 00:59:07]} {[%emt 00:01:08]} 7.
Nbd2 {[%clk 00:55:56]} {[%emt 00:01:18]} Nf5 {[%clk 00:58:43]} {[%emt
00:00:37]} 8. b3 {[%clk 00:55:00]} {[%emt 00:01:13]} cxd4 {[%clk 00:57:30]}
{[%emt 00:01:28]} 9. cxd4 {[%clk 00:53:59]} {[%emt 00:01:16]} Nfxd4 {[%clk
00:57:31]} {[%emt 00:00:14]} 10. Bb2 {[%clk 00:53:22]} {[%emt 00:00:52]} Nxf3+
{[%clk 00:57:30]} {[%emt 00:00:16]} 11. Bxf3 {[%clk 00:53:02]} {[%emt
00:00:35]} Bc5 {[%clk 00:57:30]} {[%emt 00:00:16]} 12. O-O {[%clk 00:52:39]}
{[%emt 00:00:36]} Bd7 {[%clk 00:57:11]} {[%emt 00:00:34]} 13. Rc1 {[%clk
00:52:06]} {[%emt 00:00:49]} O-O {[%clk 00:56:54]} {[%emt 00:00:32]} 14. Qc2
{[%clk 00:51:01]} {[%emt 00:01:19]} Be7 {[%clk 00:56:02]} {[%emt 00:01:07]} 15.
Rfd1 {[%clk 00:50:10]} {[%emt 00:01:07]} Rac8 {[%clk 00:55:59]} {[%emt
00:00:16]} 16. Nc4 {[%clk 00:48:30]} {[%emt 00:01:56]} Qc7 {[%clk 00:55:08]}
{[%emt 00:01:04]} 17. Ne3 {[%clk 00:47:46]} {[%emt 00:01:00]} Qb8 {[%clk
00:54:49]} {[%emt 00:00:34]} 18. Qb1 {[%clk 00:47:04]} {[%emt 00:00:58]} b5
{[%clk 00:54:04]} {[%emt 00:00:59]} 19. Be4 {[%clk 00:46:29]} {[%emt 00:00:50]}
h6 {[%clk 00:53:55]} {[%emt 00:00:24]} 20. a3 {[%clk 00:44:19]} {[%emt
00:02:25]} Rfd8 {[%clk 00:53:36]} {[%emt 00:00:33]} 21. Bf3 {[%clk 00:43:44]}
{[%emt 00:00:50]} Na5 {[%clk 00:52:06]} {[%emt 00:01:47]} 22. Qd3 {[%clk
00:41:57]} {[%emt 00:02:01]} Rxc1 {[%clk 00:51:49]} {[%emt 00:00:32]} 23. Rxc1
{[%clk 00:41:47]} {[%emt 00:00:25]} Rc8 {[%clk 00:51:33]} {[%emt 00:00:31]} 24.
Rd1 {[%clk 00:41:01]} {[%emt 00:01:01]} b4 {[%clk 00:50:16]} {[%emt 00:01:33]}
25. a4 {[%clk 00:40:28]} {[%emt 00:00:46]} Qb6 {[%clk 00:49:40]} {[%emt
00:00:52]} 26. Bd4 {[%clk 00:39:57]} {[%emt 00:00:47]} Bc5 {[%clk 00:49:32]}
{[%emt 00:00:21]} 27. Bb2 {[%clk 00:38:52]} {[%emt 00:01:19]} Nb7 {[%clk
00:48:01]} {[%emt 00:01:48]} 28. Rd2 {[%clk 00:37:21]} {[%emt 00:01:48]} Bxe3
{[%clk 00:47:52]} {[%emt 00:00:22]} 29. fxe3 {[%clk 00:37:21]} {[%emt
00:00:13]} Nc5 {[%clk 00:47:08]} {[%emt 00:01:01]} 30. Qb1 {[%clk 00:35:42]}
{[%emt 00:01:54]} Nxb3 {[%clk 00:47:01]} {[%emt 00:00:21]} 31. Rd3 {[%clk
00:35:45]} {[%emt 00:00:12]} Nc5 {[%clk 00:46:00]} {[%emt 00:01:18]} 32. Bd4
{[%clk 00:35:21]} {[%emt 00:00:37]} Qa5 {[%clk 00:45:59]} {[%emt 00:00:16]} 33.
Rd2 {[%clk 00:34:22]} {[%emt 00:01:15]} Qxa4 {[%clk 00:45:40]} {[%emt
00:00:34]} 34. Ra2 {[%clk 00:34:05]} {[%emt 00:00:32]} Qb5 {[%clk 00:44:51]}
{[%emt 00:01:03]} 35. Rxa7 {[%clk 00:34:00]} {[%emt 00:00:22]} Be8 {[%clk
00:43:39]} {[%emt 00:01:26]} 36. Qa2 {[%clk 00:32:36]} {[%emt 00:01:39]} Nd3
{[%clk 00:41:35]} {[%emt 00:02:18]} 37. Be2 {[%clk 00:31:55]} {[%emt 00:00:55]}
Rc1+ {[%clk 00:41:30]} {[%emt 00:00:21]} 38. Bf1 {[%clk 00:31:19]} {[%emt
00:00:50]} Nf4 {[%clk 00:40:55]} {[%emt 00:00:51]} 39. Qf2 {[%clk 00:30:28]}
{[%emt 00:01:05]} Ng6 {[%clk 00:40:10]} {[%emt 00:01:00]} 40. g3 {[%clk
00:30:00]} {[%emt 00:00:43]} b3 {[%clk 00:39:10]} {[%emt 00:01:15]} 41. Kg2
{[%clk 00:29:38]} {[%emt 00:00:37]} Qb8 {[%clk 00:39:07]} {[%emt 00:00:18]} 42.
Kh3 {[%clk 00:28:54]} {[%emt 00:00:59]} Rc2 {[%clk 00:38:45]} {[%emt 00:00:38]}
43. Qe1 {[%clk 00:28:44]} {[%emt 00:00:23]} b2 {[%clk 00:38:41]} {[%emt
00:00:21]} 44. Qb1 {[%clk 00:27:10]} {[%emt 00:01:49]} Rc1 {[%clk 00:37:02]}
{[%emt 00:01:53]} 45. Qxb2 {[%clk 00:27:05]} {[%emt 00:00:20]} Qxb2 {[%clk
00:37:06]} {[%emt 00:00:12]} 46. Bxb2 {[%clk 00:27:10]} {[%emt 00:00:10]} Rxf1
{[%clk 00:37:12]} {[%emt 00:00:08]} 47. Kg2 {[%clk 00:27:15]} {[%emt 00:00:11]}
Rb1 {[%clk 00:37:12]} {[%emt 00:00:16]} 48. Bd4 {[%clk 00:27:25]} {[%emt
00:00:04]} Rb8 {[%clk 00:37:17]} {[%emt 00:00:10]} 49. Kf3 {[%clk 00:27:12]}
{[%emt 00:00:29]} Bb5 {[%clk 00:36:36]} {[%emt 00:00:55]} 50. Ra3 {[%clk
00:26:50]} {[%emt 00:00:38]} Bc4 {[%clk 00:36:28]} {[%emt 00:00:23]} 51. Rc3
{[%clk 00:26:30]} {[%emt 00:00:35]} Ne7 {[%clk 00:36:26]} {[%emt 00:00:17]} 52.
Kf2 {[%clk 00:26:09]} {[%emt 00:00:34]} Nf5 {[%clk 00:36:29]} {[%emt 00:00:11]}
53. Bc5 {[%clk 00:25:25]} {[%emt 00:01:00]} Rb2+ {[%clk 00:36:28]} {[%emt
00:00:16]} 54. Kf3 {[%clk 00:25:26]} {[%emt 00:00:15]} Rxh2 {[%clk 00:36:13]}
{[%emt 00:00:30]} 55. Kf4 {[%clk 00:24:57]} {[%emt 00:00:45]} Be2 {[%clk
00:36:09]} {[%emt 00:00:19]} 56. Rc2 {[%clk 00:24:31]} {[%emt 00:00:40]} g5#
{[%clk 00:35:29]} {[%emt 00:00:56]} 0-1

[Event "DEM U8 2024"]
[Site "Willingen GER"]
[Date "2024.05.23"]
[Round "4"]
[White "Merle, Atreyu Lukas"]
[Black "Sriram, Aumkar"]
[Result "1/2-1/2"]
[Termination "normal"]
[Board "5"]
[WhiteElo "1191"]
[BlackElo "1610"]
[WhiteClock "00:57:26"]
[BlackClock "00:33:24"]
[PlyCount "28"]
[WhiteFideId "34670033"]
[BlackFideId "33460477"]
[EventCountry "GER"]
[EventRounds "7"]
[EventType "swiss"]
[EventDate "2024.05.21"]

1. e4 {[%emt 00:00:02]} e6 {[%clk 01:00:15]} {[%emt 00:00:13]} 2. d4 {[%clk
01:00:30]} {[%emt 00:00:12]} d5 {[%clk 01:00:18]} {[%emt 00:00:13]} 3. Nc3
{[%clk 01:00:36]} {[%emt 00:00:09]} Nf6 {[%clk 01:00:26]} {[%emt 00:00:09]} 4.
e5 {[%clk 01:00:41]} {[%emt 00:00:09]} Ng8 {[%clk 01:00:34]} {[%emt 00:00:06]}
5. a3 {[%clk 01:00:34]} {[%emt 00:00:22]} c5 {[%clk 01:00:40]} {[%emt
00:00:09]} 6. dxc5 {[%clk 01:00:36]} {[%emt 00:00:14]} Bxc5 {[%clk 01:00:46]}
{[%emt 00:00:08]} 7. Qg4 {[%clk 01:00:39]} {[%emt 00:00:12]} Ne7 {[%clk
00:57:51]} {[%emt 00:03:10]} 8. Qxg7 {[%clk 01:00:28]} {[%emt 00:00:25]} Ng6
{[%clk 00:57:14]} {[%emt 00:00:53]} 9. Nf3 {[%clk 00:59:33]} {[%emt 00:01:10]}
h6 {[%clk 00:52:38]} {[%emt 00:04:52]} 10. Bd3 {[%clk 00:58:57]} {[%emt
00:00:51]} Bf8 {[%clk 00:36:03]} {[%emt 00:16:50]} 11. Qf6 {[%clk 00:58:17]}
{[%emt 00:00:54]} Be7 {[%clk 00:35:37]} {[%emt 00:00:43]} 12. Qg7 {[%clk
00:57:48]} {[%emt 00:00:43]} Bf8 {[%clk 00:34:54]} {[%emt 00:00:59]} 13. Qf6
{[%clk 00:57:35]} {[%emt 00:00:26]} Be7 {[%clk 00:34:35]} {[%emt 00:00:35]} 14.
Qg7 {[%clk 00:57:26]} {[%emt 00:00:23]} Bf8 {[%clk 00:33:24]} {[%emt 00:04:53]}
1/2-1/2

[Event "DEM U8 2024"]
[Site "Willingen GER"]
[Date "2024.05.23"]
[Round "4"]
[White "Chaganti, Prahasith Reddy"]
[Black "Ni, Wilhelm Zeyin"]
[Result "1-0"]
[Termination "normal"]
[Board "6"]
[WhiteElo "1305"]
[BlackElo "1696"]
[WhiteClock "00:35:33"]
[BlackClock "00:33:27"]
[PlyCount "67"]
[WhiteFideId "34697586"]
[BlackFideId "34675337"]
[EventCountry "GER"]
[EventRounds "7"]
[EventType "swiss"]
[EventDate "2024.05.21"]

1. e4 {[%clk 01:00:20]} {[%emt 00:00:06]} e5 {[%clk 01:00:21]} {[%emt
00:00:12]} 2. Nf3 {[%clk 01:00:13]} {[%emt 00:00:21]} Nc6 {[%clk 01:00:32]}
{[%emt 00:00:05]} 3. d4 {[%clk 01:00:13]} {[%emt 00:00:15]} exd4 {[%clk
01:00:41]} {[%emt 00:00:05]} 4. Nxd4 {[%clk 01:00:15]} {[%emt 00:00:13]} Nf6
{[%clk 01:00:28]} {[%emt 00:00:28]} 5. Nc3 {[%clk 00:59:51]} {[%emt 00:00:38]}
Bb4 {[%clk 01:00:33]} {[%emt 00:00:11]} 6. Nxc6 {[%clk 00:59:31]} {[%emt
00:00:34]} bxc6 {[%clk 01:00:21]} {[%emt 00:00:27]} 7. Bd3 {[%clk 00:59:13]}
{[%emt 00:00:31]} O-O {[%clk 01:00:02]} {[%emt 00:00:36]} 8. O-O {[%clk
00:58:19]} {[%emt 00:01:10]} d5 {[%clk 00:59:51]} {[%emt 00:00:26]} 9. e5
{[%clk 00:57:26]} {[%emt 00:01:08]} Ng4 {[%clk 00:59:41]} {[%emt 00:00:25]} 10.
Bf4 {[%clk 00:55:49]} {[%emt 00:01:50]} f6 {[%clk 00:59:23]} {[%emt 00:00:34]}
11. exf6 {[%clk 00:53:19]} {[%emt 00:02:45]} Nxf6 {[%clk 00:59:15]} {[%emt
00:00:23]} 12. Bg5 {[%clk 00:52:53]} {[%emt 00:00:41]} h6 {[%clk 00:58:33]}
{[%emt 00:00:57]} 13. Bh4 {[%clk 00:52:54]} {[%emt 00:00:15]} Qd6 {[%clk
00:57:01]} {[%emt 00:01:45]} 14. a3 {[%clk 00:51:47]} {[%emt 00:01:24]} Bc5
{[%clk 00:56:26]} {[%emt 00:00:50]} 15. Qd2 {[%clk 00:51:09]} {[%emt 00:00:52]}
Ng4 {[%clk 00:53:13]} {[%emt 00:03:29]} 16. Bg3 {[%clk 00:50:45]} {[%emt
00:00:37]} Qf6 {[%clk 00:53:08]} {[%emt 00:00:20]} 17. Rae1 {[%clk 00:50:21]}
{[%emt 00:00:40]} Qf7 {[%clk 00:50:13]} {[%emt 00:03:10]} 18. h3 {[%clk
00:47:24]} {[%emt 00:03:12]} Nf6 {[%clk 00:50:17]} {[%emt 00:00:12]} 19. b4
{[%clk 00:46:46]} {[%emt 00:00:53]} Bd6 {[%clk 00:48:55]} {[%emt 00:01:36]} 20.
Bxd6 {[%clk 00:46:04]} {[%emt 00:00:58]} cxd6 {[%clk 00:49:01]} {[%emt
00:00:08]} 21. Re3 {[%clk 00:45:06]} {[%emt 00:01:13]} Qd7 {[%clk 00:46:43]}
{[%emt 00:02:34]} 22. Bg6 {[%clk 00:44:26]} {[%emt 00:00:54]} Ne4 {[%clk
00:43:02]} {[%emt 00:03:57]} 23. Nxe4 {[%clk 00:42:33]} {[%emt 00:02:07]} dxe4
{[%clk 00:42:42]} {[%emt 00:00:36]} 24. Rg3 {[%clk 00:41:43]} {[%emt 00:01:04]}
Qe6 {[%clk 00:39:46]} {[%emt 00:03:11]} 25. Qc3 {[%clk 00:40:05]} {[%emt
00:01:53]} Qf6 {[%clk 00:38:30]} {[%emt 00:01:32]} 26. Qxc6 {[%clk 00:39:45]}
{[%emt 00:00:34]} e3 {[%clk 00:34:56]} {[%emt 00:03:50]} 27. Qxa8 {[%clk
00:38:50]} {[%emt 00:01:10]} e2 {[%clk 00:34:48]} {[%emt 00:00:23]} 28. Qd5+
{[%clk 00:36:55]} {[%emt 00:02:10]} Kh8 {[%clk 00:33:34]} {[%emt 00:01:28]} 29.
Qd3 {[%clk 00:36:36]} {[%emt 00:00:33]} exf1=Q+ {[%clk 00:33:32]} {[%emt
00:01:15]} 30. Qxf1 {[%clk 00:36:34]} {[%emt 00:00:51]} Bf5 {[%clk 00:33:14]}
{[%emt 00:00:34]} 31. Bxf5 {[%clk 00:36:30]} {[%emt 00:00:19]} Qxf5 {[%clk
00:33:20]} {[%emt 00:00:09]} 32. Rf3 {[%clk 00:36:29]} {[%emt 00:00:16]} Qc8
{[%clk 00:33:19]} {[%emt 00:00:15]} 33. Rxf8+ {[%clk 00:36:13]} {[%emt
00:00:32]} Qxf8 {[%clk 00:33:27]} {[%emt 00:00:07]} 34. Qd3 {[%clk 00:35:33]}
{[%emt 00:02:45]} 1-0

[Event "DEM U8 2024"]
[Site "Willingen GER"]
[Date "2024.05.23"]
[Round "4"]
[White "Simon, Benjamin"]
[Black "Studdert, Levi"]
[Result "1-0"]
[Termination "normal"]
[Board "7"]
[WhiteElo "1305"]
[BlackElo "1109"]
[WhiteClock "00:31:26"]
[BlackClock "00:28:43"]
[PlyCount "71"]
[WhiteFideId "34652329"]
[BlackFideId "34672486"]
[EventCountry "GER"]
[EventRounds "7"]
[EventType "swiss"]
[EventDate "2024.05.21"]

1. e4 {[%clk 01:00:27]} {[%emt 00:00:02]} c5 {[%clk 01:00:18]} {[%emt
00:00:13]} 2. Nf3 {[%clk 01:00:35]} {[%emt 00:00:07]} d6 {[%clk 01:00:15]}
{[%emt 00:00:18]} 3. Bb5+ {[%clk 01:00:31]} {[%emt 00:00:19]} Bd7 {[%clk
01:00:20]} {[%emt 00:00:10]} 4. Bxd7+ {[%clk 01:00:23]} {[%emt 00:00:22]} Nxd7
{[%clk 01:00:13]} {[%emt 00:00:21]} 5. d4 {[%clk 01:00:14]} {[%emt 00:00:26]}
cxd4 {[%clk 00:59:54]} {[%emt 00:00:34]} 6. Nxd4 {[%clk 01:00:08]} {[%emt
00:00:20]} Ngf6 {[%clk 00:59:40]} {[%emt 00:00:26]} 7. Nc3 {[%clk 01:00:02]}
{[%emt 00:00:23]} g6 {[%clk 00:59:34]} {[%emt 00:00:20]} 8. O-O {[%clk
00:59:55]} {[%emt 00:00:23]} Bg7 {[%clk 00:59:28]} {[%emt 00:00:21]} 9. Re1
{[%clk 00:59:52]} {[%emt 00:00:17]} O-O {[%clk 00:58:30]} {[%emt 00:01:30]} 10.
Be3 {[%clk 00:59:56]} {[%emt 00:00:25]} Nb6 {[%clk 00:57:39]} {[%emt 00:01:02]}
11. Qd2 {[%clk 00:59:27]} {[%emt 00:00:48]} Rc8 {[%clk 00:56:13]} {[%emt
00:01:41]} 12. b3 {[%clk 00:57:46]} {[%emt 00:01:55]} a6 {[%clk 00:55:10]}
{[%emt 00:01:18]} 13. Rad1 {[%clk 00:55:59]} {[%emt 00:02:03]} Qc7 {[%clk
00:54:40]} {[%emt 00:00:42]} 14. Nde2 {[%clk 00:52:53]} {[%emt 00:03:23]} Nfd7
{[%clk 00:53:46]} {[%emt 00:01:07]} 15. Bd4 {[%clk 00:51:31]} {[%emt 00:01:39]}
Bxd4 {[%clk 00:51:54]} {[%emt 00:02:07]} 16. Qxd4 {[%clk 00:51:34]} {[%emt
00:00:13]} Ne5 {[%clk 00:48:56]} {[%emt 00:03:12]} 17. f4 {[%clk 00:44:44]}
{[%emt 00:07:07]} Ng4 {[%clk 00:47:21]} {[%emt 00:01:44]} 18. h3 {[%clk
00:42:30]} {[%emt 00:02:33]} Nf6 {[%clk 00:46:36]} {[%emt 00:00:46]} 19. a4
{[%clk 00:40:55]} {[%emt 00:02:05]} e5 {[%clk 00:44:30]} {[%emt 00:02:18]} 20.
Qxd6 {[%clk 00:40:26]} {[%emt 00:00:47]} Qxd6 {[%clk 00:40:04]} {[%emt
00:04:40]} 21. Rxd6 {[%clk 00:40:25]} {[%emt 00:00:16]} Nfd7 {[%clk 00:39:28]}
{[%emt 00:00:47]} 22. a5 {[%clk 00:40:19]} {[%emt 00:00:27]} exf4 {[%clk
00:37:14]} {[%emt 00:02:29]} 23. axb6 {[%clk 00:40:03]} {[%emt 00:00:31]} Nb8
{[%clk 00:36:39]} {[%emt 00:00:46]} 24. Rd3 {[%clk 00:38:10]} {[%emt 00:02:11]}
f5 {[%clk 00:36:01]} {[%emt 00:00:52]} 25. Nxf4 {[%clk 00:37:47]} {[%emt
00:00:40]} fxe4 {[%clk 00:36:02]} {[%emt 00:00:13]} 26. Rxe4 {[%clk 00:37:53]}
{[%emt 00:00:09]} g5 {[%clk 00:35:15]} {[%emt 00:01:00]} 27. Nfd5 {[%emt
00:02:05]} Nc6 {[%clk 00:34:37]} {[%emt 00:00:04]} 28. Ne7+ {[%clk 00:35:46]}
{[%emt 00:01:24]} Nxe7 {[%clk 00:34:33]} {[%emt 00:00:16]} 29. Rxe7 {[%clk
00:35:04]} {[%emt 00:00:59]} Rc6 {[%clk 00:33:34]} {[%emt 00:01:13]} 30. Rxb7
{[%clk 00:34:32]} {[%emt 00:00:47]} h5 {[%clk 00:32:42]} {[%emt 00:01:04]} 31.
Rdd7 {[%clk 00:33:21]} {[%emt 00:01:29]} Rfc8 {[%clk 00:32:14]} {[%emt
00:00:40]} 32. Rbc7 {[%clk 00:32:15]} {[%emt 00:01:24]} Rb8 {[%clk 00:30:08]}
{[%emt 00:02:17]} 33. Rxc6 {[%clk 00:32:18]} {[%emt 00:00:16]} Rf8 {[%clk
00:29:41]} {[%emt 00:00:41]} 34. b7 {[%clk 00:32:22]} {[%emt 00:00:12]} g4
{[%clk 00:29:13]} {[%emt 00:00:42]} 35. Rc8 {[%clk 00:31:36]} {[%emt 00:01:01]}
Rxc8 {[%clk 00:28:43]} {[%emt 00:00:45]} 36. bxc8=Q# {[%clk 00:31:26]} {[%emt
00:00:22]} 1-0

[Event "DEM U8 2024"]
[Site "Willingen GER"]
[Date "2024.05.23"]
[Round "4"]
[White "Yarmish, Tymofeii"]
[Black "Liu, Peilin"]
[Result "1/2-1/2"]
[Termination "normal"]
[Board "9"]
[WhiteElo "1087"]
[BlackElo "1605"]
[WhiteClock "00:33:03"]
[BlackClock "00:21:03"]
[PlyCount "118"]
[WhiteFideId "34691898"]
[BlackFideId "8643792"]
[EventCountry "GER"]
[EventRounds "7"]
[EventType "swiss"]
[EventDate "2024.05.21"]

1. e4 {[%clk 01:00:27]} {[%emt 00:00:03]} e5 {[%clk 01:00:18]} {[%emt
00:00:12]} 2. Nf3 {[%clk 01:00:16]} {[%emt 00:00:24]} Nc6 {[%clk 01:00:12]}
{[%emt 00:00:22]} 3. Bc4 {[%clk 01:00:15]} {[%emt 00:00:17]} Bc5 {[%clk
01:00:07]} {[%emt 00:00:20]} 4. Nc3 {[%clk 01:00:08]} {[%emt 00:00:22]} Nf6
{[%clk 00:59:53]} {[%emt 00:00:29]} 5. d3 {[%clk 00:59:37]} {[%emt 00:00:46]}
d6 {[%clk 00:59:24]} {[%emt 00:00:43]} 6. O-O {[%clk 00:59:12]} {[%emt
00:00:40]} Bg4 {[%clk 00:59:08]} {[%emt 00:00:30]} 7. Be3 {[%clk 00:58:42]}
{[%emt 00:00:46]} Bb6 {[%clk 00:58:30]} {[%emt 00:00:53]} 8. h3 {[%clk
00:58:17]} {[%emt 00:00:39]} Bh5 {[%clk 00:57:20]} {[%emt 00:01:25]} 9. Nd5
{[%clk 00:56:26]} {[%emt 00:02:07]} Nxd5 {[%clk 00:56:25]} {[%emt 00:01:08]}
10. Bxd5 {[%clk 00:55:49]} {[%emt 00:00:54]} Qd7 {[%clk 00:55:24]} {[%emt
00:01:14]} 11. c3 {[%clk 00:54:10]} {[%emt 00:01:57]} O-O {[%clk 00:55:06]}
{[%emt 00:00:32]} 12. Bb3 {[%clk 00:52:28]} {[%emt 00:01:57]} Kh8 {[%clk
00:47:41]} {[%emt 00:07:36]} 13. Ba4 {[%clk 00:50:03]} {[%emt 00:02:44]} Bxf3
{[%clk 00:40:23]} {[%emt 00:07:07]} 14. Qxf3 {[%clk 00:50:25]} {[%emt
00:00:35]} f5 {[%clk 00:40:06]} {[%emt 00:00:46]} 15. Bc2 {[%clk 00:49:03]}
{[%emt 00:01:38]} Bxe3 {[%clk 00:38:44]} {[%emt 00:01:37]} 16. fxe3 {[%clk
00:48:57]} {[%emt 00:00:22]} Rf6 {[%clk 00:37:40]} {[%emt 00:01:16]} 17. exf5
{[%clk 00:48:52]} {[%emt 00:00:23]} Raf8 {[%clk 00:37:10]} {[%emt 00:00:43]}
18. e4 {[%clk 00:48:20]} {[%emt 00:00:50]} g6 {[%clk 00:36:34]} {[%emt
00:00:50]} 19. g4 {[%clk 00:47:51]} {[%emt 00:00:44]} Ne7 {[%clk 00:34:40]}
{[%emt 00:02:08]} 20. g5 {[%clk 00:46:01]} {[%emt 00:02:07]} R6f7 {[%clk
00:34:14]} {[%emt 00:00:38]} 21. f6 {[%clk 00:45:57]} {[%emt 00:00:22]} Nc6
{[%clk 00:32:40]} {[%emt 00:01:48]} 22. Bb3 {[%clk 00:45:54]} {[%emt 00:00:20]}
Re7 {[%clk 00:32:13]} {[%emt 00:00:21]} 23. fxe7 {[%clk 00:44:51]} {[%emt
00:01:38]} Rxf3 {[%clk 00:32:05]} {[%emt 00:00:22]} 24. Rxf3 {[%clk 00:44:26]}
{[%emt 00:00:41]} Qxe7 {[%clk 00:31:31]} {[%emt 00:00:48]} 25. h4 {[%clk
00:44:10]} {[%emt 00:00:32]} Nd8 {[%clk 00:30:56]} {[%emt 00:00:49]} 26. Raf1
{[%clk 00:44:07]} {[%emt 00:00:19]} Kg7 {[%clk 00:30:18]} {[%emt 00:00:49]} 27.
Rf7+ {[%clk 00:43:25]} {[%emt 00:01:01]} Nxf7 {[%clk 00:30:02]} {[%emt
00:00:31]} 28. Rxf7+ {[%clk 00:43:30]} {[%emt 00:00:10]} Qxf7 {[%clk 00:30:02]}
{[%emt 00:00:14]} 29. Bxf7 {[%clk 00:43:40]} {[%emt 00:00:06]} Kxf7 {[%clk
00:30:04]} {[%emt 00:00:13]} 30. Kf1 {[%clk 00:43:34]} {[%emt 00:00:20]} Ke6
{[%clk 00:30:01]} {[%emt 00:00:16]} 31. Ke2 {[%clk 00:43:38]} {[%emt 00:00:13]}
d5 {[%clk 00:29:55]} {[%emt 00:00:22]} 32. Ke3 {[%clk 00:43:08]} {[%emt
00:00:45]} c5 {[%clk 00:27:59]} {[%emt 00:02:08]} 33. exd5+ {[%clk 00:42:02]}
{[%emt 00:01:23]} Kxd5 {[%clk 00:26:42]} {[%emt 00:01:31]} 34. c4+ {[%clk
00:42:08]} {[%emt 00:00:11]} Ke6 {[%clk 00:26:35]} {[%emt 00:00:21]} 35. Ke4
{[%clk 00:42:12]} {[%emt 00:00:12]} b6 {[%clk 00:26:05]} {[%emt 00:00:44]} 36.
a3 {[%clk 00:41:30]} {[%emt 00:00:56]} a5 {[%clk 00:24:57]} {[%emt 00:01:19]}
37. a4 {[%clk 00:40:59]} {[%emt 00:00:51]} Kd6 {[%clk 00:24:25]} {[%emt
00:00:46]} 38. Kf3 {[%clk 00:40:18]} {[%emt 00:00:57]} Ke6 {[%clk 00:24:03]}
{[%emt 00:00:35]} 39. Kg4 {[%emt 00:00:56]} Kf7 {[%clk 00:22:47]} {[%emt
00:00:45]} 40. h5 {[%clk 00:39:25]} {[%emt 00:01:11]} Ke6 {[%clk 00:21:48]}
{[%emt 00:01:19]} 41. hxg6 {[%clk 00:36:04]} {[%emt 00:03:37]} hxg6 {[%clk
00:21:54]} {[%emt 00:00:09]} 42. b3 {[%clk 00:35:18]} {[%emt 00:01:01]} Kd6
{[%clk 00:21:47]} {[%emt 00:00:21]} 43. Kf3 {[%clk 00:34:51]} {[%emt 00:00:41]}
Ke6 {[%clk 00:21:45]} {[%emt 00:00:17]} 44. Ke4 {[%clk 00:34:42]} {[%emt
00:00:25]} Kd6 {[%clk 00:21:50]} {[%emt 00:00:09]} 45. Ke3 {[%clk 00:33:51]}
{[%emt 00:01:08]} Ke6 {[%clk 00:21:36]} {[%emt 00:00:29]} 46. Ke4 {[%clk
00:33:18]} {[%emt 00:00:48]} Kd6 {[%clk 00:21:38]} {[%emt 00:00:13]} 47. Kf3
{[%clk 00:33:14]} {[%emt 00:00:19]} Ke7 {[%clk 00:21:40]} {[%emt 00:00:11]} 48.
Ke3 {[%clk 00:32:57]} {[%emt 00:00:34]} Kd6 {[%clk 00:21:33]} {[%emt 00:00:18]}
49. Kf3 {[%clk 00:32:47]} {[%emt 00:00:29]} Ke6 {[%clk 00:21:34]} {[%emt
00:00:14]} 50. Kg4 {[%clk 00:32:53]} {[%emt 00:00:09]} Kd6 {[%clk 00:21:30]}
{[%emt 00:00:19]} 51. Kg3 {[%clk 00:32:55]} {[%emt 00:00:13]} Ke7 {[%clk
00:21:21]} {[%emt 00:00:22]} 52. Kf3 {[%clk 00:32:58]} {[%emt 00:00:15]} Kf7
{[%clk 00:21:25]} {[%emt 00:00:09]} 53. Ke3 {[%clk 00:32:42]} {[%emt 00:00:33]}
Ke6 {[%clk 00:21:20]} {[%emt 00:00:20]} 54. Ke4 {[%clk 00:32:48]} {[%emt
00:00:09]} Kd6 {[%clk 00:21:23]} {[%emt 00:00:12]} 55. Ke3 {[%clk 00:32:54]}
{[%emt 00:00:10]} Ke6 {[%clk 00:21:05]} {[%emt 00:00:33]} 56. Ke4 {[%clk
00:32:59]} {[%emt 00:00:10]} Kd6 {[%clk 00:21:14]} {[%emt 00:00:05]} 57. Kf3
{[%clk 00:32:59]} {[%emt 00:00:15]} Ke6 {[%clk 00:21:21]} {[%emt 00:00:07]} 58.
Kg4 {[%clk 00:33:03]} {[%emt 00:00:12]} Kd6 {[%clk 00:21:23]} {[%emt 00:00:12]}
59. Kf3 {[%clk 00:33:03]} {[%emt 00:00:16]} Ke6 {[%clk 00:21:03]} 1/2-1/2